Statystyki dla Potrójne szybkie wpisywanie od A do Z

Kliknij tutaj aby rozwiązać quiz!

Ogólne statystyki

  • Ten quiz został rozwiązany 2 003 razy
  • Średni wynik to 17 z 78

Statystyki odpowiedzi

litera% Poprawnych
a
100%
b
95%
c
93%
d
92%
e
91%
f
89%
g
88%
h
87%
i
86%
j
85%
k
83%
l
81%
m
77%
n
75%
o
73%
p
69%
q
37%
r
33%
s
31%
t
30%
u
26%
v
19%
w
16%
x
12%
y
11%
A
10%
z
10%
B
9%
C
9%
D
8%
E
8%
F
8%
G
8%
H
8%
I
7%
J
6%
K
6%
L
6%
M
6%
N
6%
O
5%
P
5%
Q
5%
R
4%
S
4%
T
4%
U
3%
V
3%
W
3%
A
2%
X
2%
Y
2%
Z
2%
B
1%
C
1%
D
1%
E
1%
F
1%
G
1%
H
1%
I
1%
J
1%
K
1%
L
0%
M
0%
N
0%
O
0%
P
0%
Q
0%
R
0%
S
0%
T
0%
U
0%
V
0%
W
0%
X
0%
Y
0%
Z
0%

Rozkład punktacji

Percentyl według liczby udzielonych odpowiedzi

Procent ludzi z każdym wynikiem

Twoja historia wyników

Nie rozwiązałeś tego quizu